000 00654nam a2200229Ia 4500
003 OSt
005 20220918203051.0
006 a|||||r|||| 00| 0
007 ta
008 220917b |||||||| |||| 00| 0 eng d
024 _a105,774
037 _cTextual
040 _aARTS
_cARTS
_beng
041 _2eng
_aeng
082 _aV3:23:E, J5
100 _aOleson Tryggvi J
_9106604
245 0 _aWitenagemot in the reign of Edward the confessor
_b a study in the constitutional history of eleventh-century England
260 _c1955
650 _aHISTORY
942 _hV3:23:E, J5
_cTEXL
_2CC
999 _c229133
_d229133